000 00638nam a2200229Ia 4500
003 OSt
005 20221007065333.0
006 a|||||r|||| 00| 0
007 ta
008 221006b |||||||| |||| 00| 0 eng d
024 _a5,571
037 _cTextual
040 _aFLL
_cFLL
_beng
041 _2eng
_aeng
082 _aZ2,2,3y7N76N69, L7
100 _aSarin H. L. Au.
_9682988
245 0 _aRent control journal digest 1969-1976
260 _aDelhi
_bVinod publications India
_c1986
300 _axii,1087p
_ccm.
942 _hZ2,2,3y7N76N69, L7
_cTEXL
_2CC
999 _c1137017
_d1137017